Démocratie athénienne-démocratie moderne: tradition et influences

Guardat en:
Dades bibliogràfiques
Format: Llibre
Idioma:anglès
alemany
francès
Publicat: Ginebra Fondation Hardt 2009
Col·lecció:Entretiens sur l'Antiquité Classique, 56
Matèries:
Etiquetes: Afegir etiqueta
Sense etiquetes, Sigues el primer a etiquetar aquest registre!

MARC

LEADER 00000cam a2200000 a 4500
001 UCG7882
003 CL-VaPUC
008 111014e20090000SZ |||||||||||||||||eng|d
020 |a 9782600007566 
041 0 7 |a eng  |2 CL-VaPUC 
041 0 7 |a ger  |2 CL-VaPUC 
041 0 7 |a fre  |2 CL-VaPUC 
082 0 4 |a 320.531  |b DEM  |2 21 
245 1 0 |a Démocratie athénienne-démocratie moderne: tradition et influences 
300 |a 417 p 
942 |c BK 
945 |d 20111014 00:00:00  |a dcastane 
260 |a Ginebra  |b Fondation Hardt  |c 2009 
500 |a Neuf exposés suivis de discussions par Pasquale Pasquino, Christian Mann, Karen Piepenbrink, Oswyn Murray, Cynthia Farrar, Adriaan Lanni, Eric Robinson, Mogens H. Hansen, Pauline Schmitt Pantel. Entretiens préparés par Mogens H. Hansen, présidés par Pierre Ducrey et édités par Alain-Christian Hernández 
650 0 |a Democracia  |9 255256 
650 7 |a SISTEMAS POLITICOS  |2 CL-VaPUC  |9 558361 
650 0 |a Democratización  |9 316630 
650 0 |a Reforma política  |9 349470 
650 0 |a Filosofía antigua   |9 255705 
650 0 |a Ideologías políticas   |9 255735 
583 |a last modification  |c 20111014 14:55:00  |k Rodrigo Vera 
490 0 |a Entretiens sur l'Antiquité Classique, 56 
999 |c 345571  |d 345569 
952 |0 0  |1 0  |4 0  |6 320_531000000000000_DEM_2009  |7 0  |8 X  |9 444477  |a BIBHIS  |b BIBHIS  |d 2019-11-22  |i 4790774  |o 320.531 DEM 2009  |p 4790774  |r 2024-01-30  |w 2019-11-22  |y BK_X  |k HIS